000 00595nam a22002297a 4500
003 UA-OsUOA
001 86915
007 ta
008 20120912b un ||||| |||| 00| 0 ukr d
100 _aПигарев К. В.
090 _a82.09
_bП32
942 _cBK
040 _aUA-OsUOA
_brus
_cUA-OsUOA
_dUA-OsUOA
245 _aТворчество Фонвизина
300 _a313 с.
955 _a1
041 _arus
080 _a82.09
260 _aМ.
_bИ-во АН СССР
_c1954
650 7 _a82 Література. Літературознавство
_2UDC
999 _c373104
_d373104